[Event "2. Bundesliga West 2011/12"]
[Site "Salzburg"]
[Date "2011.10.09"]
[Round "3"]
[Board "2"]
[White "Roth, Peter"]
[Black "Menacher, Manfred"]
[Result "1-0"]
[WhiteElo "2262"]
[BlackElo "2307"]
[PlyCount "79"]
[EventDate "2011.10.07"]
[EventType "team"]
[EventRounds "11"]
[EventCountry "AUT"]
[WhiteTeam "ASK Salzburg"]
[BlackTeam "ATSV Ranshofen"]

1.e4 c5 2.Nf3 e6 3.d3 Nc6 4.g3 d6 5.Bg2 g6 6.O-O Bg7 7.c3 Nge7 8.Be3 O-O 9.h4
Rb8 10.Qc1 b6 11.Bh6 Ba6 12.Rd1 Ne5 13.Nxe5 dxe5 14.Bxg7 Kxg7 15.Na3 Qc7 16.Nc2
Rbd8 17.Qe3 Rd7 18.Rd2 Ng8 19.Rad1 Rfd8 20.h5 f5 21.d4 f4 22.gxf4 exf4 23.Qh3 e5
24.d5 Bc8 25.Qh4 Qd6 26.Bh3 Rf7 27.Bxc8 Rxc8 28.f3 Nf6 29.Rg2 Rg8 30.Kf2 c4
31.hxg6 Qc5+ 32.Nd4 hxg6 33.Rxg6+ Kf8 34.Rxf6 exd4 35.Rxf7+ Kxf7 36.Qxf4+ Ke8
37.Qe5+ Kf7 38.Qe6+ Kf8 39.Qf6+ Ke8 40.Rxd4 1-0

[Event "2. Bundesliga West 2011/12"]
[Site "Salzburg"]
[Date "2011.10.09"]
[Round "3"]
[Board "3"]
[White "Dovzik, Juri"]
[Black "Juergens, Klaus"]
[Result "1/2-1/2"]
[WhiteElo "2341"]
[BlackElo "2165"]
[PlyCount "88"]
[EventDate "2011.10.07"]
[EventType "team"]
[EventRounds "11"]
[EventCountry "AUT"]
[WhiteTeam "ATSV Ranshofen"]
[BlackTeam "ASK Salzburg"]

1.d4 Nf6 2.Nf3 g6 3.c4 Bg7 4.g3 O-O 5.Bg2 d6 6.O-O Nc6 7.Nc3 a6 8.b3 Rb8 9.Nd5
e6 10.Nxf6+ Qxf6 11.Bg5 Qf5 12.Be3 e5 13.h3 Re8 14.d5 Ne7 15.Qd2 Qd7 16.Bh6 Bxh6
17.Qxh6 Nf5 18.Qc1 Qe7 19.e4 Ng7 20.g4 Rf8 21.Qh6 Ne8 22.Rae1 f6 23.Qh4 Rf7
24.Re3 Bd7 25.Nd2 Ng7 26.Qg3 c5 27.f4 g5 28.f5 Ne8 29.h4 h6 30.Qh2 Nc7 31.Rh3
Rh7 32.Kf2 Rf8 33.Rh1 Rff7 34.Bf3 a5 35.Bd1 Be8 36.Nf1 Rfg7 37.Ke1 Na6 38.a3 b6
39.Kd2 Qb7 40.Ne3 Qe7 41.Kc3 Qc7 42.Be2 Qe7 43.Nc2 Qa7 44.hxg5 hxg5 1/2-1/2

[Event "2. Bundesliga West 2011/12"]
[Site "Salzburg"]
[Date "2011.10.09"]
[Round "3"]
[Board "4"]
[White "Besner, Bernhard"]
[Black "Zoister, Stefan"]
[Result "1/2-1/2"]
[WhiteElo "2175"]
[BlackElo "2229"]
[PlyCount "60"]
[EventDate "2011.10.07"]
[EventType "team"]
[EventRounds "11"]
[EventCountry "AUT"]
[WhiteTeam "ASK Salzburg"]
[BlackTeam "ATSV Ranshofen"]

1.e4 c6 2.d4 d5 3.exd5 cxd5 4.c4 Nf6 5.Nc3 Nc6 6.Nf3 Bg4 7.cxd5 Nxd5 8.Qb3 Bxf3
9.gxf3 e6 10.Qxb7 Nxd4 11.Bb5+ Nxb5 12.Qc6+ Ke7 13.Qxb5 Qd7 14.Nxd5+ Qxd5
15.Bg5+ f6 16.Qxd5 exd5 17.Be3 Ke6 18.O-O-O Rc8+ 19.Kb1 Bc5 20.Rhe1 Bxe3
21.Rxe3+ Kd6 22.Ra3 Rhe8 23.Rxa7 Re2 24.Ra6+ Ke5 25.Ra5 Rd8 26.f4+ Ke6 27.Ra6+
Kf5 28.Ra5 Ke6 29.Ra6+ Kf5 30.Ra5 Ke6 1/2-1/2

[Event "2. Bundesliga West 2011/12"]
[Site "Salzburg"]
[Date "2011.10.09"]
[Round "3"]
[Board "6"]
[White "Navratil, Robert"]
[Black "Riediger, Martin"]
[Result "1-0"]
[WhiteElo "2108"]
[BlackElo "2232"]
[PlyCount "48"]
[EventDate "2011.10.07"]
[EventType "team"]
[EventRounds "11"]
[EventCountry "AUT"]
[WhiteTeam "ASK Salzburg"]
[BlackTeam "ATSV Ranshofen"]

1.e4 e6 2.d4 d5 3.Nd2 Nf6 4.e5 Nfd7 5.c3 c5 6.Bd3 Nc6 7.Ngf3 Be7 8.O-O a5 9.Re1
cxd4 10.cxd4 a4 11.Nf1 Nb6 12.Ng3 Bd7 13.Nh5 g6 14.Nf4 Nb4 15.Bb1 Nc4 16.g3 Qb6
17.h4 h6 18.a3 Nc6 19.Bc2 g5 20.hxg5 hxg5 21.Ne2 Nxb2 22.Bxb2 Qxb2 23.Bxa4 b5
24.Bb3 Na5 1-0

[Event "2. Bundesliga West 2011/12"]
[Site "Salzburg"]
[Date "2011.10.09"]
[Round "3"]
[Board "1"]
[White "Brumen, Dinko"]
[Black "Levushkina,  Elena"]
[Result "1-0"]
[WhiteElo "2347"]
[BlackElo "2310"]
[PlyCount "87"]
[EventDate "2011.10.07"]
[EventType "team"]
[EventRounds "11"]
[EventCountry "AUT"]
[WhiteTeam "Schwarzach"]
[BlackTeam "Kufstein / Woergl 2"]

1.d4 d5 2.Nf3 Nf6 3.c4 dxc4 4.e3 e6 5.Bxc4 c5 6.O-O a6 7.a4 Nc6 8.Nc3 Be7 9.b3
O-O 10.Bb2 cxd4 11.exd4 Nb4 12.Ne5 b6 13.Qf3 Ra7 14.Rfd1 Bb7 15.Qg3 Nbd5 16.Nxd5
Bxd5 17.Rac1 Ra8 18.Rc2 Bd6 19.Bc1 Ne4 20.Qd3 Bxe5 21.dxe5 Bxc4 22.Rxc4 Qxd3
23.Rxd3 Nc5 24.Rdc3 Rfd8 25.Kf1 Nd3 26.Rc6 Nb4 27.Rd6 h6 28.Be3 Nd5 29.Rcc6 b5
30.a5 Nb4 31.Rc7 Nd5 32.Rb7 Nb4 33.Bb6 Rdb8 34.Rxb8+ Rxb8 35.Bc5 Nd5 36.Rxa6 b4
37.Rc6 Nc3 38.a6 Nb5 39.a7 Ra8 40.Rb6 Nxa7 41.Ra6 Rc8 42.Bxa7 Rc3 43.Bd4 Rxb3
44.Ke2 1-0

[Event "2. Bundesliga West 2011/12"]
[Site "Salzburg"]
[Date "2011.10.09"]
[Round "3"]
[Board "2"]
[White "Maurer, Jochen"]
[Black "Hecht, Hans-Joachim"]
[Result "1-0"]
[WhiteElo "2272"]
[BlackElo "2383"]
[PlyCount "41"]
[EventDate "2011.10.07"]
[EventType "team"]
[EventRounds "11"]
[EventCountry "AUT"]
[WhiteTeam "Kufstein / Woergl 2"]
[BlackTeam "Schwarzach"]

1.e4 e5 2.Nf3 Nc6 3.Bb5 f5 4.d3 fxe4 5.dxe4 Nf6 6.O-O Bc5 7.Qd3 Nd4 8.Nxd4 Bxd4
9.Nd2 a6 10.Bc4 b5 11.Bb3 Bb7 12.a4 c5 13.axb5 axb5 14.Rxa8 Qxa8 15.Qxb5 Nxe4
16.Nxe4 Bxe4 17.c3 Bxg2 18.cxd4 Bxf1 19.Qxf1 cxd4 20.Qb5 Rf8 21.Qxe5+ 1-0

[Event "2. Bundesliga West 2011/12"]
[Site "Salzburg"]
[Date "2011.10.09"]
[Round "3"]
[Board "3"]
[White "Ljubic, Juro"]
[Black "Neuschmied, Siegfried"]
[Result "0-1"]
[WhiteElo "2190"]
[BlackElo "2308"]
[PlyCount "90"]
[EventDate "2011.10.07"]
[EventType "team"]
[EventRounds "11"]
[EventCountry "AUT"]
[WhiteTeam "Schwarzach"]
[BlackTeam "Kufstein / Woergl 2"]

1.e4 d6 2.d4 Nf6 3.Nc3 g6 4.Bg5 h6 5.Bh4 Bg7 6.f4 c5 7.e5 Nh5 8.Bb5+ Bd7 9.Bxd7+
Qxd7 10.Nge2 cxd4 11.Qxd4 Nc6 12.Qd2 Qg4 13.g3 dxe5 14.h3 Qe6 15.O-O-O O-O 16.f5
Qc4 17.fxg6 fxg6 18.Qe3 g5 19.g4 Nf4 20.Bg3 Nd4 21.Nxd4 exd4 22.Qe4 Rac8 23.Bxf4
Rxf4 24.Qd5+ e6 25.Qxc4 Rxc4 26.Ne2 Rf2 27.Kd2 Rc7 28.Rhf1 Rcf7 29.Rxf2 Rxf2
30.Rg1 e5 31.Rg3 Bf8 32.Rb3 b6 33.Ke1 Rf6 34.Ng3 Kf7 35.Ke2 Ke6 36.Rf3 Rf4
37.Nh5 Bd6 38.Nxf4+ gxf4 39.h4 e4 40.Rh3 f3+ 41.Kf2 Ke5 42.Kg3 h5 43.g5 Kf5+
44.Kf2 Kg4 45.Rh1 Bg3+ 0-1

[Event "2. Bundesliga West 2011/12"]
[Site "Salzburg"]
[Date "2011.10.09"]
[Round "3"]
[Board "4"]
[White "Blaskowski, Johannes"]
[Black "Huber, David"]
[Result "1-0"]
[WhiteElo "2303"]
[BlackElo "2128"]
[PlyCount "61"]
[EventDate "2011.10.07"]
[EventType "team"]
[EventRounds "11"]
[EventCountry "AUT"]
[WhiteTeam "Kufstein / Woergl 2"]
[BlackTeam "Schwarzach"]

1.e4 Nc6 2.Nc3 d6 3.d4 Nf6 4.f4 Bg4 5.Be2 Bxe2 6.Ngxe2 d5 7.e5 Ng4 8.Ng3 h5 9.h3
Nh6 10.Qxh5 Nxd4 11.Qd1 c5 12.Be3 Nhf5 13.Nxf5 Nxf5 14.Bxc5 e6 15.Bf2 d4 16.Ne2
Qa5+ 17.c3 dxc3 18.Nxc3 Bb4 19.O-O Bxc3 20.bxc3 O-O 21.Qb3 b6 22.Rad1 Rfd8 23.g4
Ne7 24.Bd4 g6 25.Qc2 Rac8 26.Qf2 Nd5 27.f5 exf5 28.gxf5 g5 29.Qg3 Kh7 30.Qg4 Nf4
31.e6 1-0

[Event "2. Bundesliga West 2011/12"]
[Site "Salzburg"]
[Date "2011.10.09"]
[Round "3"]
[Board "5"]
[White "Stoeckl, Norbert"]
[Black "Kranewitter, Norbert"]
[Result "0-1"]
[WhiteElo "2057"]
[BlackElo "2097"]
[PlyCount "134"]
[EventDate "2011.10.07"]
[EventType "team"]
[EventRounds "11"]
[EventCountry "AUT"]
[WhiteTeam "Schwarzach"]
[BlackTeam "Kufstein / Woergl 2"]

1.e4 c6 2.d4 d5 3.exd5 cxd5 4.c4 Nf6 5.Nc3 Nc6 6.Bg5 dxc4 7.Bxf6 exf6 8.d5 Ne5
9.Bxc4 Nxc4 10.Qa4+ Bd7 11.Qxc4 Rc8 12.Qb3 Bc5 13.Nge2 O-O 14.O-O f5 15.Nf4 Qb6
16.Qxb6 Bxb6 17.Rad1 Rc4 18.g3 Ba5 19.Nfe2 Re8 20.Rd4 Rcc8 21.Rfd1 a6 22.Kg2 g6
23.Kf3 Kg7 24.R4d3 Kf6 25.Re3 Rxe3+ 26.Kxe3 Bb6+ 27.Kf3 Ke7 28.Kg2 Kd6 29.h4 Bd8
30.h5 Bf6 31.Nd4 Rc4 32.Nde2 b5 33.Rh1 b4 34.Nd1 Rc2 35.Nf4 Bb5 36.hxg6 hxg6
37.Rh7 Rc7 38.Kf3 Bc4 39.a3 bxa3 40.bxa3 Bxd5+ 41.Nxd5 Kxd5 42.Ne3+ Ke6 43.Rh1
Rc3 44.a4 Ra3 45.Re1 Bd4 46.Rd1 Bxe3 47.fxe3 Rxa4 48.Rb1 a5 49.Rb6+ Kd5 50.Rf6
Rg4 51.Rxf7 a4 52.Rc7 g5 53.Rf7 Ke5 54.Rg7 Kf6 55.Rg8 Rb4 56.Rf8+ Ke6 57.Ra8 Kd5
58.Ra5+ Kc4 59.Rxf5 Rb5 60.Rf8 a3 61.Ra8 Kb3 62.e4 Kb2 63.e5 Rxe5 64.Rb8+ Kc3
65.Ra8 Kb4 66.Ra7 Ra5 67.Rb7+ Rb5 0-1

[Event "2. Bundesliga West 2011/12"]
[Site "Salzburg"]
[Date "2011.10.09"]
[Round "3"]
[Board "6"]
[White "Steinbacher, Thomas"]
[Black "Kiss, Josef"]
[Result "1-0"]
[WhiteElo "2053"]
[BlackElo "1785"]
[PlyCount "75"]
[EventDate "2011.10.07"]
[EventType "team"]
[EventRounds "11"]
[EventCountry "AUT"]
[WhiteTeam "Kufstein / Woergl 2"]
[BlackTeam "Schwarzach"]

1.d4 e6 2.Nc3 Nf6 3.Bg5 h6 4.Bf4 Bb4 5.a3 Be7 6.e4 d6 7.Nf3 a6 8.Bd3 Nbd7 9.Qe2
O-O 10.O-O-O c5 11.e5 Ne8 12.Qe4 f5 13.exf6 Ndxf6 14.Qg6 cxd4 15.Ne2 e5 16.Bxe5
dxe5 17.Nxe5 b5 18.Nc6 Qd6 19.Nexd4 Bd7 20.Rhe1 Bd8 21.Ne5 Qxd4 22.Bc4+ Qxc4
23.Nxc4 bxc4 24.Rxd7 Nxd7 25.Qe6+ Kh8 26.Qxd7 Bg5+ 27.Kb1 c3 28.b3 Nf6 29.Qc6
Rfe8 30.Qxc3 Rxe1+ 31.Qxe1 Re8 32.Qb4 Ne4 33.c4 Nxf2 34.c5 Nd3 35.Qd4 Rd8 36.Qc4
Bf6 37.c6 Ne5 38.Qxa6 1-0

[Event "2. Bundesliga West 2011/12"]
[Site "Hohenems"]
[Date "2011.11.04"]
[Round "4"]
[Board "1"]
[White "Atlas, Valery"]
[Black "Platzgummer, Fabian"]
[Result "1-0"]
[WhiteElo "2413"]
[BlackElo "2304"]
[PlyCount "45"]
[EventDate "2011.10.07"]
[EventType "team"]
[EventRounds "11"]
[EventCountry "AUT"]
[WhiteTeam "Hohenems 2"]
[BlackTeam "Zillertal"]

1. e4 e5 2. Nf3 Nc6 3. Bc4 Bc5 4. c3 Nf6 5. d3 a6 6. Bb3 Ba7 7. O-O d6 8. Re1
h6 9. Nbd2 O-O 10. Nf1 Re8 11. Ng3 d5 12. exd5 Nxd5 13. d4 Bg4 14. dxe5 Bxf3
15. gxf3 Nde7 16. f4 Ng6 17. Qg4 Ncxe5 18. fxe5 Nxe5 19. Rxe5 Rxe5 20. Bf4 Rb5
21. Nh5 g5 22. Re1 Kf8 23. Bxf7 1-0

[Event "2. Bundesliga West 2011/12"]
[Site "Hohenems"]
[Date "2011.11.04"]
[Round "4"]
[Board "2"]
[White "Lanka, Zigurds"]
[Black "Froewis, Georg"]
[Result "0-1"]
[WhiteElo "2442"]
[BlackElo "2424"]
[PlyCount "138"]
[EventDate "2011.10.07"]
[EventType "team"]
[EventRounds "11"]
[EventCountry "AUT"]
[WhiteTeam "Zillertal"]
[BlackTeam "Hohenems 2"]

1. e4 e6 2. d4 d5 3. Nc3 Bb4 4. e5 c5 5. a3 Bxc3+ 6. bxc3 Ne7 7. Nf3 b6 8. Bb5+
Bd7 9. Bd3 Ba4 10. h4 h6 11. O-O c4 12. Be2 Kd7 13. h5 Qg8 14. Bf4 Na6 15. Qd2
Qh7 16. Ra2 Nc7 17. Nh2 Raf8 18. Re1 Kc8 19. Bg4 Kb7 20. Bh3 Ne8 21. Rb2 Nc6
22. Bg3 Nc7 23. Reb1 Rc8 24. Nf1 g6 25. Bg4 Ne7 26. Bh4 gxh5 27. Bxh5 Nf5 28.
Bf6 Rhg8 29. Rb4 Bc6 30. Qc1 Ne8 31. g3 Nxf6 32. exf6 Rg5 33. Bf3 Qg6 34. a4
Nd6 35. Qf4 Kc7 36. Ne3 h5 37. a5 b5 38. Rxb5 Bxb5 39. Rxb5 Kd7 40. Rb4 Rg8 41.
Kf1 Qh6 42. Nf5 exf5 43. Qe5 Qf8 44. Qxd5 Qc8 45. Bg2 h4 46. Rb5 h3 47. Bxh3
Qc6 48. Qxc6+ Kxc6 49. Rc5+ Kd7 50. Bg2 Ne4 51. Rd5+ Kc7 52. Re5 Nxf6 53. Rc5+
Kd7 54. Rb5 Rc8 55. Ke2 Rh5 56. Bf3 Rg5 57. a6 Ne8 58. Bb7 Rc7 59. Bf3 Nd6 60.
Rb1 Rg6 61. Ke3 Ne4 62. Ra1 Nxc3 63. Kf4 Nb5 64. d5 Nd4 65. Bh5 Nxc2 66. Rc1
Nb4 67. Kxf5 c3 68. Be2 c2 69. Ke5 Rg5+ 0-1

[Event "2. Bundesliga West 2011/12"]
[Site "Hohenems"]
[Date "2011.11.04"]
[Round "4"]
[Board "3"]
[White "Novkovic, Milan"]
[Black "Hausner, Ivan"]
[Result "1-0"]
[WhiteElo "2381"]
[BlackElo "2405"]
[PlyCount "61"]
[EventDate "2011.10.07"]
[EventType "team"]
[EventRounds "11"]
[EventCountry "AUT"]
[WhiteTeam "Hohenems 2"]
[BlackTeam "Zillertal"]

1. d4 Nf6 2. c4 g6 3. Nc3 Bg7 4. e4 d6 5. Nf3 O-O 6. h3 e5 7. d5 a5 8. g4 Na6
9. Be3 c6 10. Nd2 Bd7 11. Be2 Qb8 12. a4 Nb4 13. Nf1 Qd8 14. Ng3 Ne8 15. Qd2
Bf6 16. O-O-O cxd5 17. exd5 Bg7 18. Kb1 f5 19. gxf5 gxf5 20. f4 Nf6 21. Rdf1
Qe8 22. Rhg1 Bxa4 23. Nxf5 Ne4 24. Nxe4 Rxf5 25. Bd3 Nxd3 26. Nxd6 Qh5 27. Qxd3
Bd7 28. Rxg7+ Kxg7 29. Rg1+ Kf8 30. Qa3 Rf7 31. Nf5+ 1-0

[Event "2. Bundesliga West 2011/12"]
[Site "Hohenems"]
[Date "2011.11.04"]
[Round "4"]
[Board "4"]
[White "Kleissl, Helmut"]
[Black "Atlas, Dmitry"]
[Result "0-1"]
[WhiteElo "2306"]
[BlackElo "2291"]
[PlyCount "52"]
[EventDate "2011.10.07"]
[EventType "team"]
[EventRounds "11"]
[EventCountry "AUT"]
[WhiteTeam "Zillertal"]
[BlackTeam "Hohenems 2"]

1. c4 e6 2. g3 d5 3. Bg2 Nf6 4. Nf3 c6 5. O-O Nbd7 6. b3 e5 7. cxd5 cxd5 8. Bb2
Bd6 9. Nc3 a6 10. Nh4 Nb6 11. e4 d4 12. Ne2 O-O 13. d3 Be6 14. h3 Qd7 15. Kh2
g5 16. Qd2 h6 17. Nf3 Nh5 18. h4 f6 19. hxg5 hxg5 20. Nxg5 fxg5 21. Qxg5+ Qg7
22. Qd2 Nd7 23. f4 exf4 24. Bxd4 fxg3+ 25. Kg1 Qg4 26. Bh3 Qxh3 0-1

[Event "2. Bundesliga West 2011/12"]
[Site "Hohenems"]
[Date "2011.11.04"]
[Round "4"]
[Board "5"]
[White "Gaertner, Guntram"]
[Black "Tabernig, Bernhard"]
[Result "1/2-1/2"]
[WhiteElo "2324"]
[BlackElo "2317"]
[PlyCount "88"]
[EventDate "2011.10.07"]
[EventType "team"]
[EventRounds "11"]
[EventCountry "AUT"]
[WhiteTeam "Hohenems 2"]
[BlackTeam "Zillertal"]

1. d4 g6 2. c4 Bg7 3. e4 d6 4. Nc3 c5 5. d5 a6 6. Bd3 e6 7. Nf3 Ne7 8. O-O O-O
9. Bg5 h6 10. Bd2 exd5 11. exd5 Bf5 12. Qc2 Bxd3 13. Qxd3 Nf5 14. Ne4 Nd7 15.
Bc3 Nf6 16. Rfe1 Rb8 17. a4 Nxe4 18. Rxe4 Qd7 19. Bxg7 Nxg7 20. b3 Rfe8 21.
Rae1 Rxe4 22. Rxe4 Re8 23. h3 Rxe4 24. Qxe4 Qf5 25. Qxf5 Nxf5 26. g4 Ne7 27.
Nd2 f5 28. f4 Kf7 29. Kf2 b6 30. Kg3 Ke8 31. Nf1 b5 32. axb5 axb5 33. Ne3 bxc4
34. bxc4 fxg4 35. hxg4 Kf7 36. Kf3 Kf6 37. Ke4 Nc8 38. Nf1 h5 39. g5+ Kf7 40.
Ne3 Ne7 41. Kf3 Nc8 42. Kg3 Nb6 43. Kh4 Na4 44. Nd1 Nb6 1/2-1/2

[Event "2. Bundesliga West 2011/12"]
[Site "Hohenems"]
[Date "2011.11.04"]
[Round "4"]
[Board "6"]
[White "Schiestl, Josef"]
[Black "Hofer, Emilian"]
[Result "1/2-1/2"]
[WhiteElo "2135"]
[BlackElo "1869"]
[PlyCount "88"]
[EventDate "2011.10.07"]
[EventType "team"]
[EventRounds "11"]
[EventCountry "AUT"]
[WhiteTeam "Zillertal"]
[BlackTeam "Hohenems 2"]

1. e4 e5 2. Bc4 Nc6 3. Nf3 Nf6 4. d3 Be7 5. O-O O-O 6. c3 d5 7. exd5 Nxd5 8.
Re1 Bg4 9. h3 Bh5 10. Bb3 Nb6 11. Bc2 Bd6 12. Nbd2 f5 13. Nf1 Kh8 14. Ng3 Bg6
15. Qe2 Qd7 16. Bd2 Rae8 17. Nh4 Qf7 18. Qf1 Qf6 19. Nxg6+ Qxg6 20. Bd1 Qf6 21.
Bf3 Qh4 22. Ne2 e4 23. g3 Qd8 24. Bg2 exd3 25. Nc1 Nc4 26. Qxd3 Nxd2 27. Qxd2
f4 28. gxf4 Rxe1+ 29. Qxe1 Bxf4 30. Ne2 Bd6 31. Rd1 Qf6 32. Ng3 Qf4 33. Qd2
Qxd2 34. Rxd2 Rd8 35. Ne4 Be7 36. Rxd8+ Nxd8 37. Kf1 Kg8 38. Ke2 Kf7 39. Nd2
Ke6 40. Be4 h6 41. Nf3 c6 42. Ne1 Nf7 43. Bf3 Ne5 44. Be4 Nf7 1/2-1/2

[Event "2. Bundesliga West 2011/12"]
[Site "Hohenems"]
[Date "2011.11.04"]
[Round "4"]
[Board "1"]
[White "Deglmann, Ludwig"]
[Black "Schmidt, Georg"]
[Result "1/2-1/2"]
[WhiteElo "2324"]
[BlackElo "2368"]
[PlyCount "60"]
[EventDate "2011.10.07"]
[EventType "team"]
[EventRounds "11"]
[EventCountry "AUT"]
[WhiteTeam "Sparkasse Jenbach 2"]
[BlackTeam "Rochade Rum"]

1. Nf3 Nf6 2. c4 c5 3. Nc3 Nc6 4. g3 g6 5. Bg2 Bg7 6. O-O O-O 7. d3 a6 8. Bg5
Rb8 9. Rb1 b5 10. Qd2 Re8 11. Bxf6 Bxf6 12. Ne4 d6 13. Nxf6+ exf6 14. b3 Bb7
15. Rfe1 Ne5 16. Nh4 f5 17. d4 cxd4 18. cxb5 Bxg2 19. Kxg2 axb5 20. Qxd4 Qb6
21. Rbd1 Qxd4 22. Rxd4 Ra8 23. a4 bxa4 24. bxa4 Rec8 25. Nf3 Nxf3 26. Kxf3 Rc3+
27. e3 Ra3 28. Red1 Ra6 29. Rxd6 Rxd6 30. Rxd6 Rxa4 1/2-1/2

[Event "2. Bundesliga West 2011/12"]
[Site "Hohenems"]
[Date "2011.11.04"]
[Round "4"]
[Board "2"]
[White "Heinzel, Olaf"]
[Black "Micheli, Carlo"]
[Result "1-0"]
[WhiteElo "2347"]
[BlackElo "2268"]
[PlyCount "89"]
[EventDate "2011.10.07"]
[EventType "team"]
[EventRounds "11"]
[EventCountry "AUT"]
[WhiteTeam "Rochade Rum"]
[BlackTeam "Sparkasse Jenbach 2"]

1. d4 Nf6 2. Nf3 g6 3. g3 Bg7 4. Bg2 O-O 5. O-O d6 6. c4 a6 7. Nc3 Nbd7 8. b3
Rb8 9. a4 c5 10. Bb2 cxd4 11. Nxd4 a5 12. h3 Nc5 13. Kh2 Bd7 14. Rb1 Qc8 15. e4
Rd8 16. Nd5 Nxd5 17. exd5 e5 18. dxe6 fxe6 19. Nb5 Bxb5 20. axb5 Qc7 21. Bc1
Rd7 22. h4 Rf8 23. h5 gxh5 24. Qxh5 Rdf7 25. Be3 Rf5 26. Qe2 Qf7 27. f4 Qg6 28.
Bf3 h5 29. Bxc5 Rxc5 30. Bxb7 h4 31. g4 d5 32. Rbe1 a4 33. f5 exf5 34. Bxd5+
Rxd5 35. cxd5 Qd6+ 36. Kh1 Qxd5+ 37. Qg2 Qxg2+ 38. Kxg2 a3 39. gxf5 a2 40. b6
Kf7 41. f6 Bxf6 42. Ra1 Rg8+ 43. Kh1 Rg3 44. Rxa2 Rxb3 45. b7 1-0

[Event "2. Bundesliga West 2011/12"]
[Site "Hohenems"]
[Date "2011.11.04"]
[Round "4"]
[Board "3"]
[White "Hoellrigl, Wilfried"]
[Black "Gatterer, Florian"]
[Result "1/2-1/2"]
[WhiteElo "2186"]
[BlackElo "2274"]
[PlyCount "63"]
[EventDate "2011.10.07"]
[EventType "team"]
[EventRounds "11"]
[EventCountry "AUT"]
[WhiteTeam "Sparkasse Jenbach 2"]
[BlackTeam "Rochade Rum"]

1. e4 c6 2. d4 d5 3. exd5 cxd5 4. c3 Nc6 5. Bd3 Qc7 6. Be3 Nf6 7. h3 g6 8. Qc2
Bg7 9. Nf3 O-O 10. Nbd2 Nh5 11. g3 e5 12. dxe5 Nxe5 13. Nxe5 Qxe5 14. Nf3 Qe7
15. g4 Ng3 16. Rg1 Ne4 17. O-O-O Bd7 18. Bd4 b5 19. Bxg7 Kxg7 20. Bxe4 dxe4 21.
Rge1 Rfe8 22. Qd2 Rad8 23. Qf4 b4 24. c4 Ba4 25. b3 Rxd1+ 26. Kxd1 Qd8+ 27. Nd2
Bc6 28. Qe3 a5 29. Re2 Qf6 30. Nb1 Qa1 31. Kc1 Qe5 32. Rd2 1/2-1/2

[Event "2. Bundesliga West 2011/12"]
[Site "Hohenems"]
[Date "2011.11.04"]
[Round "4"]
[Board "4"]
[White "Eybl, Alexander"]
[Black "Schnegg, Daniel"]
[Result "1/2-1/2"]
[WhiteElo "2275"]
[BlackElo "2134"]
[PlyCount "60"]
[EventDate "2011.10.07"]
[EventType "team"]
[EventRounds "11"]
[EventCountry "AUT"]
[WhiteTeam "Rochade Rum"]
[BlackTeam "Sparkasse Jenbach 2"]

1. d4 Nf6 2. Bg5 e6 3. e3 b6 4. Nf3 Bb7 5. Bd3 c5 6. O-O Be7 7. Nbd2 d5 8. Ne5
c4 9. Be2 Nfd7 10. Bxe7 Qxe7 11. f4 O-O 12. e4 b5 13. Bf3 Nf6 14. Qe1 Qd6 15.
c3 dxe4 16. Nxe4 Nxe4 17. Bxe4 Bxe4 18. Qxe4 Nd7 19. Rae1 Nf6 20. Qb7 a6 21.
Nxf7 Qd5 22. Qxd5 Nxd5 23. Ng5 Rxf4 24. Rxe6 b4 25. Ne4 Rxf1+ 26. Kxf1 Rf8+ 27.
Ke1 Nf4 28. Re7 Ng6 29. Re6 Nf4 30. Re7 Ng6 1/2-1/2

[Event "2. Bundesliga West 2011/12"]
[Site "Hohenems"]
[Date "2011.11.04"]
[Round "4"]
[Board "5"]
[White "Czoeppan, Thomas"]
[Black "Hengl, Christian"]
[Result "0-1"]
[WhiteElo "2049"]
[BlackElo "2240"]
[PlyCount "46"]
[EventDate "2011.10.07"]
[EventType "team"]
[EventRounds "11"]
[EventCountry "AUT"]
[WhiteTeam "Sparkasse Jenbach 2"]
[BlackTeam "Rochade Rum"]

1. c4 e5 2. Nc3 Nc6 3. Nf3 f5 4. d4 e4 5. d5 exf3 6. dxc6 fxg2 7. cxd7+ Qxd7 8.
Qxd7+ Bxd7 9. Bxg2 O-O-O 10. Bg5 Re8 11. O-O-O c6 12. Rd2 Nf6 13. Bxf6 gxf6 14.
Bh3 Be6 15. Kc2 Bh6 16. Rd6 Kc7 17. Rd4 c5 18. Nd5+ Bxd5 19. Rxd5 Rxe2+ 20. Kb3
Kb6 21. Rxf5 Rd8 22. Rxf6+ Ka5 23. Rxh6 Rd3# 0-1

[Event "2. Bundesliga West 2011/12"]
[Site "Hohenems"]
[Date "2011.11.04"]
[Round "4"]
[Board "6"]
[White "Jedinger, Andreas"]
[Black "Schnegg, Anna-Lena"]
[Result "1/2-1/2"]
[WhiteElo "2191"]
[BlackElo "2017"]
[PlyCount "73"]
[EventDate "2011.10.07"]
[EventType "team"]
[EventRounds "11"]
[EventCountry "AUT"]
[WhiteTeam "Rochade Rum"]
[BlackTeam "Sparkasse Jenbach 2"]

1. c4 c5 2. g3 Nf6 3. Bg2 Nc6 4. Nc3 g6 5. e3 Bg7 6. Nge2 d5 7. cxd5 Nb4 8. d4
Nbxd5 9. Nxd5 Nxd5 10. Qb3 Nb4 11. O-O Be6 12. Qa4+ Bd7 13. Qd1 O-O 14. a3 Nc6
15. dxc5 Qc7 16. Qc2 Rac8 17. Nc3 Bf5 18. e4 Nd4 19. Qa4 Be6 20. Qxa7 Bc4 21.
Nd5 Bxd5 22. exd5 Qxc5 23. Qxc5 Rxc5 24. Bg5 Rc7 25. Rab1 h6 26. Be3 Rc2 27. b4
Ra2 28. Bxd4 Bxd4 29. Rbd1 Bg7 30. Rfe1 Bf6 31. Re3 Ra8 32. d6 exd6 33. Bxb7
R8xa3 34. Re8+ Kg7 35. Rxd6 Ra7 36. Bf3 Rb2 37. Re2 1/2-1/2

[Event "2. Bundesliga West 2011/12"]
[Site "Hohenems"]
[Date "2011.11.04"]
[Round "4"]
[Board "1"]
[White "Zelcic, Robert"]
[Black "Weindl, Alfred"]
[Result "1-0"]
[WhiteElo "2558"]
[BlackElo "2339"]
[PlyCount "116"]
[EventDate "2011.10.07"]
[EventType "team"]
[EventRounds "11"]
[EventCountry "AUT"]
[WhiteTeam "Schwarzach"]
[BlackTeam "Bregenz"]

1. e4 c5 2. Nf3 Nc6 3. d4 cxd4 4. Nxd4 Nf6 5. Nc3 d6 6. Be2 e6 7. O-O Be7 8.
Kh1 O-O 9. f4 Nxd4 10. Qxd4 b6 11. Be3 Bb7 12. Bf3 d5 13. e5 Ne4 14. Qd3 Nxc3
15. Qxc3 Ba6 16. Rfd1 Rc8 17. Qd2 Bc5 18. c3 Qe7 19. Bd4 Bxd4 20. Qxd4 Qc5 21.
Qa4 Bb5 22. Qb3 Bc4 23. Qc2 Ba6 24. Qb1 Qe3 25. Qc1 Qxc1 26. Raxc1 Rc5 27. Kg1
Ra5 28. a3 Bc4 29. Kf2 Rc5 30. Rd4 a5 31. a4 Bb3 32. Ke3 Rfc8 33. Be2 Kf8 34.
h4 Ke7 35. h5 h6 36. g4 f6 37. g5 hxg5 38. exf6+ gxf6 39. fxg5 fxg5 40. Rg4 Rh8
41. Rh1 Bc2 42. Kd2 Be4 43. Rhg1 Bf5 44. Rxg5 d4 45. cxd4 Rc2+ 46. Ke3 Rxb2 47.
Rg8 Rxg8 48. Rxg8 Kf7 49. Rb8 Kg7 50. Bb5 Kh6 51. Rxb6 Kg5 52. Ra6 Rb3+ 53. Kd2
Kf4 54. Rxa5 Ke4 55. Bc4 Rh3 56. d5 Kd4 57. dxe6 Rh2+ 58. Ke1 Bg4 1-0

[Event "2. Bundesliga West 2011/12"]
[Site "Hohenems"]
[Date "2011.11.04"]
[Round "4"]
[Board "2"]
[White "Dobosz, Henryk"]
[Black "Krstic, Uros"]
[Result "1/2-1/2"]
[WhiteElo "2396"]
[BlackElo "2459"]
[PlyCount "79"]
[EventDate "2011.10.07"]
[EventType "team"]
[EventRounds "11"]
[EventCountry "AUT"]
[WhiteTeam "Bregenz"]
[BlackTeam "Schwarzach"]

1. e4 e5 2. Nf3 d6 3. d4 exd4 4. Nxd4 Nf6 5. Nc3 Be7 6. Be2 O-O 7. O-O Re8 8.
Re1 Bf8 9. Bf1 a6 10. Bg5 Nbd7 11. f3 c6 12. Qd2 Ne5 13. Rad1 Ng6 14. Kh1 h6
15. Be3 Bd7 16. a4 Qc7 17. Nb3 b5 18. Bd4 Nh7 19. Bf2 b4 20. Nb1 a5 21. Bg3 Ne5
22. f4 Ng6 23. e5 Bg4 24. exd6 Rxe1 25. Qxe1 Bxd6 26. Rxd6 Qxd6 27. f5 Nf4 28.
Qc1 Bxf5 29. Bxf4 Qg6 30. Nd4 Be4 31. Nd2 Rd8 32. Nxe4 Qxe4 33. Nf3 Nf6 34. Bd3
Qd5 35. b3 Re8 36. Be3 Ne4 37. Kg1 Nc3 38. Kh1 Ne4 39. Kg1 Nc3 40. Kh1 1/2-1/2